Estadísticas para Banderas de Micronaciones

Haz click aquí para intentar la prueba.

Estadísticas generales

  • Esta prueba ha sido intentada 16 veces
  • La puntuación promedio es 5 de 16

Estadísticas de respuestas

Respuesta% Correcto
Sealand
100%
Christiania
44%
Seborga
44%
Atlantium
33%
Kugelmugel
33%
Ladonia
33%
Liberland
33%
Minerva
33%
Hutt River
22%
Isla de las Rosas
22%
Molossia
22%
República Glaciar
22%
Sudan del Norte
22%
Westartica
22%
Abracada
11%
Aerica
11%

Distribución de puntuación

Porcentaje por número respondido

Porcentaje de gente con cada puntuación

Historial de tus puntuaciones

No has intentado esta prueba.